MARC details
| 000 -CABECERA |
| campo de control de longitud fija |
01266cas a2200361 a 4500 |
| 001 - NÚMERO DE CONTROL |
| campo de control |
000011611 |
| 005 - FECHA Y HORA DE LA ÚLTIMA TRANSACCIÓN |
| campo de control |
20200929162513.0 |
| 008 - DATOS DE LONGITUD FIJA--INFORMACIÓN GENERAL |
| campo de control de longitud fija |
790611u1958uuuumx || r | b0spa d |
| 010 ## - NÚMERO DE CONTROL DE LA BIBLIOTECA DEL CONGRESO |
| Número de control de LC |
86656582 |
| 035 ## - NÚMERO DE CONTROL DEL SISTEMA |
| Número de control de sistema |
(OCoLC)ocm05056054 |
| 037 ## - FUENTE DE ADQUISICIÓN |
| Fuente del número de adquisición |
Cia. Editora del Manual Azucarero, S.A., Balderas No. 44, Desp. 112-113, 06050 Mexico, D.F. |
| 040 ## - FUENTE DE LA CATALOGACIÓN |
| Centro catalogador/agencia de origen |
DO-SdBNP |
| Centro/agencia transcriptor |
TxU |
| Centro/agencia modificador |
DLC |
| -- |
NST |
| -- |
DLC |
| -- |
OCoLC |
| -- |
DNAL |
| 042 ## - CÓDIGO DE AUTENTICACIÓN |
| Código de autenticación |
lc |
| 043 ## - CÓDIGO DE ÁREA GEOGRÁFICA |
| Código de área geográfica |
n-mx--- |
| 050 00 - SIGNATURA TOPOGRÁFICA DE LA BIBLIOTECA DEL CONGRESO |
| Número de clasificación |
TP375.8.M6 |
| Número de documento/Ítem |
M36 |
| 070 0# - SIGNATURA TOPOGRÁFICA DE LA NATIONAL AGRICULTURAL LIBRARY |
| Número de clasificación |
65.8 |
| Número de documento/Ítem |
M31 |
| 082 00 - NÚMERO DE LA CLASIFICACIÓN DECIMAL DEWEY |
| Número de clasificación |
664/.1/02572 |
| Número de edición |
19 |
| 012 ## - |
| -- |
-3-7-0905150521-p----- |
| 245 00 - MENCIÓN DE TÍTULO |
| Título |
Manual azucarero mexicano : |
| Resto del título |
1983. |
| 260 ## - PUBLICACIÓN, DISTRIBUCIÓN, ETC. |
| Lugar de publicación, distribución, etc. |
Mexico, D.F. : |
| Nombre del editor, distribuidor, etc. |
Cia. Editora del Manual Azucarero. |
| 300 ## - DESCRIPCIÓN FÍSICA |
| Extensión |
v. : |
| Otras características físicas |
ill. ; |
| Dimensiones |
28 cm. |
| 310 ## - PERIODICIDAD ACTUAL |
| Periodicidad actual |
Annual |
| 362 1# - FECHAS DE PUBLICACIÓN Y/O DESIGNACIÓN SECUENCIAL |
| Fecha de publicación y/o designación secuencial |
Began with 1a. ed. (1958). |
| 500 ## - NOTA GENERAL |
| Nota general |
Description based on: 1a. ed. (1958). |
| 500 ## - NOTA GENERAL |
| Nota general |
Latest issue consulted: 28a. ed. (1985) |
| 590 ## - NOTA LOCAL (RLIN) |
| Nota local |
SERBIB/SERLOC merged record |
| 650 #0 - PUNTO DE ACCESO ADICIONAL DE MATERIA--TÉRMINO DE MATERIA |
| Término de materia o nombre geográfico como elemento de entrada |
Sugar |
| Subdivisión general |
Manufacture and refining |
| Subdivisión geográfica |
Mexico |
| Subdivisión de forma |
Directories. |
| 9 (RLIN) |
27465 |
| 650 #0 - PUNTO DE ACCESO ADICIONAL DE MATERIA--TÉRMINO DE MATERIA |
| Término de materia o nombre geográfico como elemento de entrada |
Sugar trade |
| Subdivisión geográfica |
Mexico |
| Subdivisión de forma |
Directories. |
| 9 (RLIN) |
27466 |
| 650 #0 - PUNTO DE ACCESO ADICIONAL DE MATERIA--TÉRMINO DE MATERIA |
| Término de materia o nombre geográfico como elemento de entrada |
Sugar factories |
| Subdivisión geográfica |
Mexico |
| Subdivisión de forma |
Directories. |
| 9 (RLIN) |
27467 |
| 890 ## - |
| -- |
Manual azucarero mexicano. Mexico, D.F. |
| -- |
86-656582 |
| 910 ## - DATOS DE OPCIÓN DEL USUARIO (OCLC) |
| Datos de opción del usuario |
Catalogación derivada |